000 00617nam a22002177a 4500
003 UA-OsUOA
001 134099
007 ta
008 20181120b un ||||| |||| 00| 0 ukr d
100 _aБашко В. Й.
090 _a330(477)
_bБ33
942 _cSA
040 _aUA-OsUOA
_bukr
_cUA-OsUOA
_dUA-OsUOA
245 _aФундаментальні фактори валютного курсу України
300 _aС.25-45
955 _a0
041 _aukr
080 _a330(477)
773 0 _w134097
_tФінанси України
_dК.
_d2018
_g9
650 7 _a330 Економіка взагалі
_2UDC
999 _c421535
_d421535